000 00935nas a2200289 4500
001 BR2013008622
003 BR-BrBNA
005 20231205123140.0
007 ta
008 230509b bl.|||p| |||| 00| 00por d
040 _aBR-BrBNA
_bpor
_cBiblioteca Nacional de Agricultura
041 _a(En)
072 _aH60
100 1 _aMatzenbacher, F.O.
100 1 _aKalsing, A.
100 1 _aMenezes, V.G.
100 1 _aBarcelos, J.A.N.
100 1 _aMerotto Junior, A.
245 1 _aRapid diagnosis of resistance to imidazolinone herbicides in barnyardgrass (Echinochloa crus-galli)and control of resistant biotypes with alternative herbicides
650 _aARROZ
650 _aHERBICIDA
650 _aGRAMINEA FORRAGEIRA
650 _aCONTROLE QUÍMICO
773 0 _tPlanta Daninha (Brazil)
_xISSN 0100-8358
_g(2013), v. 31(3) p. 645-656
_wBR2013008622
909 _a202311
_bLúcia
_c55
_dLúcia Elande
942 _2AGRIS
_n0
_cANA
999 _c232413
_d232413